00543njm a2200157 i 4500001001100000003000500011005001700016008004100033040002500074245005500099264007000154336002100224337002500245338002300270500009200293C2-0218464PPAK20180729152146.0990728s1994 my |||| ||||| | may d aPPAKbengcPPAKerda00aPengalaman lucu di zaman pendudukan Jepun di Kedah 1aAlor Setar, Kedah : bPerbadanan Perpustakaan Awam Kedah , c1994 2rdacontentatext 2rdamediaaunmediated 2rdacarrieravolume aDirakam pada 13/8/94 ; Temubual dengan Tuan Hj. Ahmad b. Hashim ; Mempunyai transkripsi